|
|
|
|
| LEADER |
01177nam a2200313 a 4500 |
| 001 |
15017129 |
| 008 |
100711r2010 ctua 001 0 eng d |
| 010 |
|
|
|a 2007278163
|
| 020 |
|
|
|a 817722767X
|
| 020 |
|
|
|a 9788177227673
|
| 020 |
|
|
|a 9781932394801 (pbk.)
|
| 020 |
|
|
|a 193239480X (pbk.)
|
| 040 |
|
|
|a XYZ
|c XYZ
|d XYZ
|d BAKER
|d YDXCP
|d OCLCQ
|d BTCTA
|d DLC
|d BD-DhAAL
|
| 082 |
0 |
4 |
|a 005.26/2
|2 22
|
| 100 |
1 |
|
|a Loughran, Steve.
|
| 245 |
1 |
0 |
|a Ant in action /
|c Steve Loughran, Erik Hatcher.
|
| 250 |
|
|
|a 2nd ed.
|
| 260 |
|
|
|a Greenwich, CT :
|b Manning ;
|a New Delhi :
|b Dreamtech,
|c c2010 [Reprinted]
|
| 300 |
|
|
|a xxxii, 566 p. :
|b ill. ;
|c 24 cm.
|
| 500 |
|
|
|a Sec. ed. of: Java development with Ant / Erik Hatcher. 2003.
|
| 500 |
|
|
|a Includes index.
|
| 541 |
1 |
|
|e 00020608
|
| 650 |
|
0 |
|a Java (Computer program language)
|
| 630 |
0 |
0 |
|a Ant (Computer file)
|
| 700 |
1 |
|
|a Hatcher, Erik.
|
| 700 |
1 |
|
|a Hatcher, Erik.
|t Java development with Ant.
|
| 852 |
4 |
|
|a Ayesha Abed Library
|j General shelf
|
| 999 |
|
|
|c 9331
|d 9331
|
| 952 |
|
|
|0 0
|1 0
|2 ddc
|4 0
|6 005_262000000000000_LOU_2010
|7 0
|9 11877
|a BRACUL
|b BRACUL
|c GEN
|d 2010-09-20
|l 1
|m 6
|o 005.262 LOU
|p 3010020608
|r 2018-12-10
|s 2018-10-16
|t 1
|w 2010-09-20
|y BK
|